Quiz do Camboja - Statistics

Estatísticas Gerais
  • Esse quiz foi jogado 549 vezes
  • A pontuação média é 11 de 17
Estatísticas das Respostas
Dica Resposta % Correto
Países fazendo fronteira com o Camboja Vietname
96%
Países fazendo fronteira com o Camboja Tailândia
95%
Países fazendo fronteira com o Camboja Laos
94%
Religião praticada por 97% da população cambojana Budismo
87%
País que controlou o Camboja de 1867 a 1953 França
79%
País que invadiu o Camboja em 1970 Estados Unidos
77%
Península onde o Camboja está situado Indochina
68%
Capital do Camboja Phnom Penh
65%
Coisas no solo que mataram cerca de 60.000 pessoas desde 1970 Mina terrestre
62%
O ditador acima estava tentando imitar o "Grande Salto para a Frente" desta figura Mao Tsé-Tung
53%
Idioma oficial do Camboja (também conhecido como Cambojano, mas dê-nos o nome mais comum) Khmer
51%
Esse idioma tem 74 desses, mais do que qualquer outro idioma Letras
49%
Rio que atravessa aquela cidade Rio Mecom
48%
Notório ditador que foi acusado de matar cerca de 20% da população do Camboja no final dos anos 1970 Pol Pot
39%
Templo representado na bandeira do Camboja Angkor Wat
36%
Outro nome para Camboja (dica: começa com K) Kampuchea
28%
Esse templo está localizado nesta cidade, com as iniciais SR Siem Reap
25%
Nenhum quiz correspondente encontrado
Distribuição das Pontuações
Porcentagem de Pessoas com Cada Pontuação
Percentil de Números Respondidos
Sua Pontuação Histórica
Você não jogou esse quiz